000 01052nam a2200301 c 4500
003 BLK
005 20230124180957.0
008 180411b bul|||||r ||||||| ||bul||
010 _aKNG00210547000
020 _a978-954-320-580-6
_bиздат.: Рива
040 _aBLK
041 _aBUL
_cBUL
072 7 _2bullib
_aН85
_xДетска художествена литература Н
080 _aБългарска литература
_b821.163.2
_x-93-32
_z821.163.2-93-32
100 1 _aЕмилова, Ваня
_eпърви автор
_9349361
139 _aЕмилова, Ваня
_bЕ 60
245 1 0 _aМаслекют на горния етаж
_cВаня Емилова.
257 _aBGR
260 София
_bРива
_c2016
_fСофия : Алианс принт
300 _a144 с.
_bс ил.
_c22Х22 см
380 _aDX
659 _aН
852 _aЦб 286726
856 4 _qpdf
_u
856 4 _qpdf
_u
942 _cKNG
_n0
_02
944 _aCR
_c03.08.2017
_kВиолета_Тройчева
944 _aED
_c23.08.2017
_kСимона_Петрова
999 _c201117
_d201117